| 000 | 00945nam a22003137a 4500 | ||
|---|---|---|---|
| 003 | CHAP | ||
| 005 | 20220329133012.0 | ||
| 008 | 971013s1988 r 00010 d | ||
| 010 | _a1151 | ||
| 011 | _a2123 | ||
| 035 | _a1314 | ||
| 040 | _cCHAP | ||
| 082 |
_a635.964 _bD4 |
||
| 100 | 0 | 0 |
_aDecker, Henry F. _931477 |
| 245 |
_aLawn care _b: a handbook for professionals |
||
| 260 |
_aEnglewood Cliffs, N. J. : _bPrentice Hall, _c1988 |
||
| 300 |
_a270 p. _b: ilus. |
||
| 500 | _a40-150 | ||
| 590 |
_aBATCH-UPD _b10 _c20130110 _lUCH01 _h1443 |
||
| 590 |
_aBATCH-UPD _b10 _c20130410 _lUCH01 _h0914 |
||
| 590 |
_aBATCH-UPD _b10 _c20130914 _lUCH01 _h0957 |
||
| 590 |
_aCONVERSION _b10 _c20130109 _lUCH01 _h1302 |
||
| 650 | 1 | 4 |
_aCésped. _924332 |
| 650 | 1 | 4 |
_aPastizales _xManejo. _985944 |
| 700 | 0 |
_aDecker, Jane M. _931478 |
|
| 901 | _aBK | ||
| 942 | _cLIBRO | ||
| 949 |
_a635.964 D4 _bBC _cLIBRO _d33724000254686 _eLIBRO _gI. 151319 _h77903 _i1314 _si _t142.31 |
||
| 999 |
_c1151 _d1151 |
||